|
|
|
|
| LEADER |
00000nam a22000007a 4500 |
| 005 |
20120618170342.0 |
| 007 |
cr|||| |||| |
| 008 |
120618s2009 pe |||||s|||| 00||0 spa d |
| 020 |
|
|
|a 978-612-4047-04-6
|
| 035 |
|
|
|a 6488
|
| 040 |
|
|
|a vLex
|
| 090 |
|
|
|c 3191
|d 3191
|
| 100 |
1 |
|
|a Portillo Flores, Angľica Mara̕
|
| 245 |
1 |
3 |
|a El Catastro en el Per ︢
|h [Recurso electrn̤ico] :
|b estudio ter̤ico, jurd̕ico y de gestin̤ /
|c Angľica Mara̕ Portillo Flores
|
| 256 |
|
|
|a Servicio en ln̕ea
|
| 260 |
|
|
|a Lima :
|b Editorial Palestra,
|c 2009
|
| 300 |
|
|
|a 1 recurso electrn̤ico
|
| 506 |
1 |
|
|a Contenido solo disponible en los productos indicados
|d vLex Global
|d vLex Global (Academic Edition, excluding Law Schools)
|d vLex Global (U.S. Academic Edition, Law Schools)
|d vLex Global (U.S. Academic Edition, excluding Law Schools)
|d vLex Global (Academic Edition, Law Schools)
|
| 650 |
0 |
4 |
|a Catastros
|z Per︢
|
| 740 |
0 |
|
|a vLex Libros (Servicio en ln̕ea)
|
| 856 |
4 |
0 |
|u http://vlex.com/source/catastro-peru-6488
|z Acceso restringido
|
| 942 |
|
|
|c BOOK
|
| 999 |
0 |
|
|a Cadasters
|